00708nam a2200181 a 450000100100000000500170001000800410002704000250006808200150009310000310010824500850013926000450022430000210026950000740029050400320036495201130039699900170050900004552920201002052311.0150414s1993 dr 000 0 spa d aDO-SdBNPbspacBNPHU axxxxbxxxx1 aMunguía, Jorge A.97358713aLa economía como ciencia :bposibilidades y limitaciones /cJorge A Munguía. aSanto Domingo :bAmigo del Hogar,c1993. a144 p. ;c22 cm. aIncluye referencias bibliográficas y notas al pie de las páginas. aBibliografía : p. 133-144 0010718PDaPDbPDcCTd2015-04-14iLF1l0oxxxx xxxxp45529-10r2020-06-25w2020-06-25yLFPDZNo se presta c45018d45018